Police problem-solving models and theories

Gespeichert in:  
Bibliographische Detailangaben
VerfasserInnen: Wadley, Steven (Verfasst von) ; Riley, Laura (Verfasst von, Herausgegeben von) ; Murria, Sharda (Verfasst von)
Beteiligte: Blockley, Tony
Medienart: Druck Buch
Sprache:Englisch
Veröffentlicht: St Albans Critical Publishing 2023
In:Jahr: 2023
Online-Zugang: Inhaltsverzeichnis
Verfügbarkeit prüfen: HBZ Gateway
Buchbeschaffung:Buchbestellung aufgeben
Subito Bestelldienst: Jetzt bestellen.
Schlagwörter:
Parallele Ausgabe:Erscheint auch als: 9781915713285

MARC

LEADER 00000cam a2200000 c 4500
001 1859818129
003 DE-627
005 20251226212123.0
007 tu
008 230918s2023 xxk||||| 00| ||eng c
010 |a  2023514106 
020 |a 9781915713278  |c paperback  |9 978-1-915713-27-8 
035 |a (DE-627)1859818129 
035 |a (DE-599)KXP1859818129 
040 |a DE-627  |b ger  |c DE-627  |e rda 
041 |a eng 
044 |c XA-GB 
050 0 |a HV7936.P75 
082 0 |a 363.23  |q DLC  |2 23 
100 1 |a Wadley, Steven  |e VerfasserIn  |0 (DE-588)1311632077  |0 (DE-627)187160270X  |4 aut 
109 |a Wadley, Steven 
245 1 0 |a Police problem-solving models and theories  |c Steven Wadley, Laura Riley and Sharda Murria ; series editor: Tony Blockley 
264 1 |a St Albans  |b Critical Publishing  |c 2023 
300 |a 176 Seiten 
336 |a Text  |b txt  |2 rdacontent 
337 |a ohne Hilfsmittel zu benutzen  |b n  |2 rdamedia 
338 |a Band  |b nc  |2 rdacarrier 
490 0 |a The professional policing curriculum in practice 
650 0 |a Problem-oriented Policing 
650 0 |a Problem-oriented Policing  |0 http://id.loc.gov/authorities/subjects/sh2005007870  |2 DLC 
650 0 |a Law Enforcement  |x Decision making  |2 DLC 
650 4 |a Police de résolution de problèmes 
650 4 |a Lois - Application - Prise de décision 
650 4 |a Problem-oriented Policing 
700 1 |a Riley, Laura  |e VerfasserIn  |4 aut 
700 1 |a Murria, Sharda  |e VerfasserIn  |4 aut 
700 1 |a Blockley, Tony  |e HerausgeberIn  |0 (DE-588)1309966818  |0 (DE-627)1870354206  |4 edt 
776 1 |z 9781915713285  |c ePub ebook 
776 1 |z 9781915713292  |c PDF ebook 
776 0 8 |i Erscheint auch als  |n Online-Ausgabe  |z 9781915713285 
856 4 2 |u https://swbplus.bsz-bw.de/bsz1859818129inh.htm  |m V:DE-576  |m B:DE-Frei85  |v 20231208193204  |3 Inhaltsverzeichnis  |7 1 
935 |a mkri 
951 |a BO 
ELC |b 1 
LOK |0 000 xxxxxcx a22 zn 4500 
LOK |0 001 4377404237 
LOK |0 003 DE-627 
LOK |0 004 1859818129 
LOK |0 005 20231128141646 
LOK |0 008 230918||||||||||||||||ger||||||| 
LOK |0 040   |a DE-Frei85  |c DE-627  |d DE-Frei85 
LOK |0 852   |a DE-Frei85 
LOK |0 852 1  |m p  |9 00 
LOK |0 938   |k p 
LOK |0 939   |a 18-09-23  |b l01 
ORI |a SA-MARC-krimdoka001.raw 
PDA |a yes